| 000 | 00744nam a22001937a 4500 | ||
|---|---|---|---|
| 999 |
_c168402 _d168402 |
||
| 005 | 20191007122933.0 | ||
| 010 | _aUR-10525 | ||
| 020 |
_c250.00 _a-9789389002966 |
||
| 035 | _aU-9080 | ||
| 037 |
_bDBAD/PUB _a- |
||
| 082 | _a840.08 | ||
| 100 | _aعطيہ فا طمہ | ||
| 245 |
_aعصمت چغتا ئ کے نا و لو ں ا و ر ا فسا نو ں ميں نسا ئ حيسيت _cعطيہ فا طمہ |
||
| 246 |
_bIsmat Chughtai ke Noveloun Aur Afsanaoun Me Nisai Hissiyat (Urdu) _aby Atiya Fatima |
||
| 260 |
_aDelhi _bEducational Publishing House _c2019 ء |
||
| 270 |
_a3191,Vakil Street Kucha Pandit Lal Kuan _bDelhi _e110006 _k23216162 _l- |
||
| 300 |
_a200 ص _c22 Cm(Hb) |
||
| 942 |
_2ddc _cUR _h840.08 _mع ط ی |
||